| 000 | 00435nam a2200169 i 4500 | ||
|---|---|---|---|
| 001 | bg | ||
| 100 | 1 | _aSzpunar, Walenty. | |
| 245 | 1 | 0 |
_aGeodezja wyższa i astronomia geodezyjna. _nT.1 / _cWalenty Szpunar. |
| 250 | _aWyd.3. | ||
| 260 |
_aŁódź : _bPWN, _c1963. |
||
| 600 | 9 |
_aGeodezja _0podręcznik akademicki |
|
| 040 | _cBPK | ||
| 041 | _apol | ||
| 080 | _a528(075.8) | ||
| 942 | _cKS | ||
| 008 | s pl f |000 0 pol | ||
| 999 |
_c7179 _d7179 |
||
| 856 |
_uhttp://koha.tu.koszalin.pl/cgi-bin/koha/opac-detail.pl?biblionumber=7179 _yKatalog online BPK |
||